| 000 | 00302 a2200097 4500 | ||
|---|---|---|---|
| 001 | 12963 | ||
| 100 | _aHudson,D.L. | ||
| 245 | _aNeural Networks and Artificial Intelligence for Biomedical Engineering | ||
| 260 |
_a _bThe Institute of Electrical and Electronics Engineering, Inc _c |
||
| 090 |
_c9961 _d9961 |
||
| 942 |
_aNUST-CAE _cM _c36890 |
||
| 999 |
_c248036 _d248036 |
||